| 000 | 00000nam 2200000za 4500 |
| 001 | 9.816917 |
| 003 | CaOODSP |
| 005 | 20221107142345 |
| 007 | cr ||||||||||| |
| 008 | 160504s2015||||onc ||||o f000 0 eng d |
| 040 | |aCaOODSP|beng |
| 043 | |an-cn--- |
| 086 | 1 |aED5-13/2015E-PDF |
| 245 | 00|aTo insure or not to insure? |h[electronic resource]. |
| 260 | |a[Ottawa] : |bEDC, |cc2015. |
| 300 | |a5 p. |
| 500 | |a"White paper." |
| 500 | |aIssued also in French under title: S'assurer ou pas? |
| 520 | 0 |a"Credit insurance protects you if you don’t get paid for your foreign receivables. It’s a great way to manage risk but it comes at a price. So when companies that sell outside of Canada look at buying this insurance, the first question they ask is: Do the benefits outweigh the cost? This white paper explores that question." |
| 692 | 07|2gccst|aInsurance |
| 692 | 07|2gccst|aInternational trade |
| 710 | 2 |aExport Development Canada. |
| 775 | 08|tS'assurer ou pas? |w(CaOODSP)9.817241 |
| 856 | 40|qPDF|s153 KB|uhttps://publications.gc.ca/collections/collection_2016/edc/ED5-13-2015-eng.pdf |